000 00385cam a22001217a 4500
008 180718b1992 xxu||||| |||| 00| 0 eng d
082 _aA75 Or4B
100 _aBehuria, Nrusinha Charan
245 _aOrissa district gazetteers, Baleshwar
_cedited by Nrusinha Charan Behuria
260 _aBhubaneswar
_bOrissa District Gazetteers
_c1992
300 _a852+p.
650 _aOrissa - Gazetteers
999 _c486285
_d486285